Coparticipación impositiva argentina y financiación autonómica española (Registro nro. 1605)

Detalles MARC
000 -LEADER
fixed length control field 01315 a2200253 4500
001 - CONTROL NUMBER
control field 27543
005 - DATE AND TIME OF LATEST TRANSACTION
control field 20260407155550.0
008 - FIXED-LENGTH DATA ELEMENTS--GENERAL INFORMATION
fixed length control field 260407a2011 arg spa d
003 - CONTROL NUMBER IDENTIFIER
control field AR-UNSa-BCEJYS
040 ## - CATALOGING SOURCE
Original cataloging agency AR-UNSa-BCEJYS
Language of cataloging spa
Transcribing agency AR-UNSa-BCEJYS
080 ## - UNIVERSAL DECIMAL CLASSIFICATION NUMBER
Universal Decimal Classification number 336.2:323.17
Common auxiliary subdivision Federalismo Fiscal
020 ## - INTERNATIONAL STANDARD BOOK NUMBER
International Standard Book Number 978-987-660-086-6
041 ## - LANGUAGE CODE
Language code of text/sound track or separate title spa
100 1# - MAIN ENTRY--PERSONAL NAME
Personal name Pedraja Chaparro, Francisco
245 10 - TITLE STATEMENT
Title Coparticipación impositiva argentina y financiación autonómica española
Name of part/section of a work un estudio de federalismo fiscal comparado
264 #1 - PRODUCTION, PUBLICATION, DISTRIBUTION, MANUFACTURE, AND COPYRIGHT NOTICE
Place of production, publication, distribution, manufacture Buenos Aires :
Name of producer, publisher, distributor, manufacturer EDICON (Fondo Editorial Consejo)
Date of production, publication, distribution, manufacture, or copyright notice 2011
300 ## - PHYSICAL DESCRIPTION
Extent 233 p.
Dimensions 21 cm.
505 ## - FORMATTED CONTENTS NOTE
Formatted contents note 1. Coparticipación federal de impuestos en Argentina y propuesta de arreglos fiscales interjurisdiccionales - 2. La historia interminable de la financiación automática en España - 3. Descripción y valoración del nuevo sistema de financiación autonómica - 4. El federalismo fiscal en Argentina. La distribución secundaria y una comparación con España -
590 ## - LOCAL NOTE (RLIN)
Local note niveau_biblio:m niveau_hierar:0
700 1# - ADDED ENTRY--PERSONAL NAME
Personal name Rezk, Ernesto
700 1# - ADDED ENTRY--PERSONAL NAME
Personal name Suárez Pandiello, Javier
856 41 - ELECTRONIC LOCATION AND ACCESS
Uniform Resource Identifier <a href="https://biblioeco.unsa.edu.ar/pmb/images/libros/Coparticipacion Impositiva Argentina y Financiacion Autonomica Espa?ola-l118575.jpg">https://biblioeco.unsa.edu.ar/pmb/images/libros/Coparticipacion Impositiva Argentina y Financiacion Autonomica Espa?ola-l118575.jpg</a>
Link text Imagen de portada
Electronic format type image/jpeg
942 ## - ADDED ENTRY ELEMENTS (KOHA)
Koha item type
Existencias
Withdrawn status Lost status Damaged status Not for loan Home library Current library Shelving location Date acquired Total checkouts Full call number Barcode Date last seen Price effective from Koha item type
        Biblioteca Prof. Eusebio Cleto del Rey Biblioteca Prof. Eusebio Cleto del Rey   07/04/2026   336.2:323.17 R467 L118575 07/04/2026 07/04/2026 Libro